Normal view MARC view
  • Salazar, Abel C.,

Entry Nombre Personal

Number of records used in: 1

001 - NUMERO DE CONTROL

  • campo de control: 39260

003 - IDENTIFICADOR DE NUMERO DE CONTROL

  • campo de control: UPN

005 - FECHA Y HORA DE LA ÜLTIMA TRANSACCIÓN

  • campo de control: 20210219194544.0

008 - DATOS DE LONGITUD FIJA

  • campo de control de longitud fija: nabaccnnaabn|||||||||| b |nc|||||d

035 ## - NUMERO DE CONTROL

  • Número de control: UPN11000011367

040 ## - FUENTE DE CATALOGACIÓN

  • Lenguaje de catalogación: SPA
  • Agencia de transcripción: UPN

053 #4 - NÚMERO DE CLASIFICACIÓN LC

  • Número de clasificación elemento-número único o número inicial de tramo: PQ7297 S2.43

100 1# - ENCABEZAMIENTO - NOMBRE PERSONAL

  • Nombre personal: Salazar, Abel C.,
  • Fechas asociadas con el nombre: 1878-1925

670 ## - FUENTE EN LA QUE SE LOCALIZARON DATOS

  • Cita de la fuente: T
  • Uniform Resource Identifier: http://elem.mx/autor/datos/978

680 ## - NOTA PUBLICA DE ACCESO PÚBLICO

  • Frase explicativa de la referencia: Nació en Tenango del Valle, Estado de México, en 1878 y murió en la Ciudad de México en 1925. Escritor, abogado y poeta

902 ## - CATALOGADOR

  • Catalogador: MCM/171016